Sociedad y políticas /
Selección de la obras de: Helio Jaguaribe, Visión General de la Sociedad, Nicos Poulantzas, Poder Político y clases sociales en el Estado capitalista (Introducción), Ernest Mandel, Clases sociales y crisis política en América Latina, Aldo Solari y Joel Jutkowitz, El sistema político latinoamericano,...
Kaydedildi:
| Yazar: | |
|---|---|
| Diğer Yazarlar: | |
| Materyal Türü: | Metin |
| Baskı/Yayın Bilgisi: |
San Salvador:
UCA/Editores
|
| Etiketler: |
Etiketle
Etiket eklenmemiş, İlk siz ekleyin!
|
MARC
| LEADER | 00000 a a2200000 04500 | ||
|---|---|---|---|
| 001 | 22664 | ||
| 003 | |||
| 040 | |||
| 020 | |a 84-8405-010-6 | ||
| 090 | |a 155400 | ||
| 100 | |a Mariscal, Nicolás | ||
| 245 | |a Sociedad y políticas / |c Nicolás Mariscal | ||
| 260 | |a San Salvador: |b UCA/Editores | ||
| 300 | |a 162 p | ||
| 520 | |a Selección de la obras de: Helio Jaguaribe, Visión General de la Sociedad, Nicos Poulantzas, Poder Político y clases sociales en el Estado capitalista (Introducción), Ernest Mandel, Clases sociales y crisis política en América Latina, Aldo Solari y Joel Jutkowitz, El sistema político latinoamericano, Germani Gino, Jorge Gracierena, Fernando Henrique Cardoso y Anibal Quijano Política y desarrollo en América Latina | ||
| 700 | |a Zamora Rivas, Rubén |a Jiménez Cabrera, Edgar |a comp | ||
| 999 | |c 15143 |d 15143 | ||



